[Event "EIRCC 2019"]
[Site "Tallinn"]
[Date "2019.12.05"]
[Round "4.18"]
[White "Schnabel, Ralf"]
[Black "Kanep, Meelis"]
[Result "0-1"]
[WhiteElo "2220"]
[BlackElo "2466"]
[Annotator "ChessBase"]
[PlyCount "86"]
[EventDate "2019.12.05"]
[EventType "swiss"]
[EventCountry "EST"]
[SourceTitle "playchess.com"]
[Source "ChessBase"]
[SourceQuality "1"]
[TimeControl "900+10"]

1. e4 {[%emt 0:00:00]} c5 {[%emt 0:00:00]} 2. Nf3 {[%emt 0:00:00]} d6 {[%emt 0:00:00]} 3. d4 {[%emt 0:00:00]} cxd4 {[%emt 0:00:00]} 4. Nxd4 {[%emt 0:00:00]} Nf6 {[%emt 0:00:00]} 5. Nc3 {[%emt 0:00:00]} a6 {[%emt 0:00:01]} 6. a4 {[%emt 0:00:01]} e5 {[%emt 0:00:25]} 7. Nf3 {[%emt 0:00:02]} h6 {[%emt 0:00:22]} 8. Bc4 {[%emt 0:00:19]} Be7 {[%emt 0:00:31]} 9. O-O {[%emt 0:00:26]} O-O {[%emt 0:00:12]} 10. Qe2 {[%emt 0:01:00]} Qc7 {[%emt 0:01:07]} 11. Nd5 {[%emt 0:00:30]} Nxd5 {[%emt 0:00:08]} 12. Bxd5 {[%emt 0:00:02]} Bg4 {[%emt 0:01:25]} 13. h3 {[%emt 0:01:06]} Bh5 {[%emt 0:00:18]} 14. Rd1 {[%emt 0:01:25]} Nd7 {[%emt 0:00:27]} 15. c3 {[%emt 0:00:40]} Kh8 {[%emt 0:00:13]} 16. g4 {[%emt 0:00:26]} Bg6 {[%emt 0:00:04]} 17. a5 {[%emt 0:02:55]} Nf6 {[%emt 0:01:34]} 18. Ne1 {[%emt 0:00:56]} Nxd5 {[%emt 0:03:10]} 19. Rxd5 {[%emt 0:00:03]} f6 {[%emt 0:00:15]} 20. Ng2 {[%emt 0:01:32]} Qc6 {[%emt 0:00:14]} 21. f3 {[%emt 0:00:53]} Bf7 {[%emt 0:00:15]} 22. Ne3 {[%emt 0:00:03]} Bxd5 {[%emt 0:00:39]} 23. Nxd5 {[%emt 0:00:02]} Bd8 {[%emt 0:00:04]} 24. Be3 {[%emt 0:00:05]} Rc8 {[%emt 0:00:55]} 25. b4 {[%emt 0:00:07]} f5 {[%emt 0:02:24]} 26. gxf5 {[%emt 0:00:07]} Rxf5 {[%emt 0:00:27]} 27. exf5 {[%emt 0:00:43]} Qxd5 {[%emt 0:00:01]} 28. Bd2 {[%emt 0:00:40]} Qf7 {[%emt 0:00:13]} 29. Qd3 {[%emt 0:00:26]} d5 {[%emt 0:00:13]} 30. Rd1 {[%emt 0:02:33]} Bf6 {[%emt 0:00:21]} 31. Be1 {[%emt 0:00:06]} d4 {[%emt 0:01:14]} 32. cxd4 {[%emt 0:00:11]} exd4 {[%emt 0:00:01]} 33. Bf2 {[%emt 0:00:16]} Re8 {[%emt 0:00:46]} 34. b5 {[%emt 0:00:26]} axb5 {[%emt 0:00:14]} 35. Qxb5 {[%emt 0:00:01]} Re5 {[%emt 0:00:13]} 36. Qb1 {[%emt 0:00:56]} Rxa5 {[%emt 0:00:19]} 37. Kg2 {[%emt 0:00:01]} Ra2 {[%emt 0:00:16]} 38. Kf1 {[%emt 0:00:55]} Qc4+ {[%emt 0:00:12]} 39. Kg1 {[%emt 0:00:01]} Qe2 {[%emt 0:00:16]} 40. Rf1 {[%emt 0:00:09]} Bh4 {[%emt 0:00:19]} 41. Qxa2 {[%emt 0:00:52]} Qxa2 {[%emt 0:00:10]} 42. Bxh4 {[%emt 0:00:02]} d3 {[%emt 0:00:18]} 43. Bf2 {[%emt 0:00:33]} Qc2 {[%emt 0:00:27]} 0-1

[Event "EIRCC 2019"]
[Site "Tallinn"]
[Date "2019.12.05"]
[Round "4.19"]
[White "Babula, Vlastimil"]
[Black "Aizenberg, Benny"]
[Result "1-0"]
[WhiteElo "2559"]
[BlackElo "1995"]
[Annotator "ChessBase"]
[PlyCount "59"]
[EventDate "2019.12.05"]
[EventType "swiss"]
[EventCountry "EST"]
[SourceTitle "playchess.com"]
[Source "ChessBase"]
[SourceQuality "1"]
[TimeControl "900+10"]

1. d4 {[%emt 0:00:00]} Nf6 {[%emt 0:00:00]} 2. c4 {[%emt 0:00:00]} c5 {[%emt 0:00:00]} 3. d5 {[%emt 0:00:00]} b5 {[%emt 0:00:00]} 4. cxb5 {[%emt 0:00:00]} a6 {[%emt 0:00:00]} 5. bxa6 {[%emt 0:00:00]} g6 {[%emt 0:00:00]} 6. Nc3 {[%emt 0:00:01]} Bg7 {[%emt 0:00:00]} 7. e4 {[%emt 0:00:02]} O-O {[%emt 0:00:00]} 8. e5 {[%emt 0:00:04]} Ne8 {[%emt 0:00:02]} 9. h4 {[%emt 0:00:02]} Bxe5 {[%emt 0:00:11]} 10. h5 {[%emt 0:00:02]} Bxa6 {[%emt 0:00:25]} 11. Bh6 {[%emt 0:00:05]} Bg7 {[%emt 0:00:18]} 12. Qd2 {[%emt 0:00:05]} Bxf1 {[%emt 0:00:38]} 13. Kxf1 {[%emt 0:00:02]} Qb6 {[%emt 0:00:11]} 14. Nf3 {[%emt 0:00:30]} Na6 {[%emt 0:00:34]} 15. Re1 {[%emt 0:00:30]} Rb8 {[%emt 0:01:02]} 16. Bxg7 {[%emt 0:01:16]} Nxg7 {[%emt 0:00:03]} 17. hxg6 {[%emt 0:00:15]} Qxg6 {[%emt 0:00:04]} 18. Rh6 {[%emt 0:00:52]} Qg4 {[%emt 0:00:38]} 19. Rxa6 {[%emt 0:00:25]} e6 {[%emt 0:00:12]} 20. Ra4 {[%emt 0:01:22]} Rb4 {[%emt 0:00:23]} 21. Rxb4 {[%emt 0:00:09]} cxb4 {[%emt 0:00:23]} 22. Ne4 {[%emt 0:00:09]} f5 {[%emt 0:00:23]} 23. Ne5 {[%emt 0:02:10]} Qh4 {[%emt 0:00:49]} 24. Qg5 {[%emt 0:00:53]} Qh1+ {[%emt 0:01:01]} 25. Ke2 {[%emt 0:00:02]} Qh2 {[%emt 0:00:02]} 26. Nf6+ {[%emt 0:01:16]} Kh8 {[%emt 0:00:02]} 27. Nfxd7 {[%emt 0:00:15]} Re8 {[%emt 0:01:01]} 28. d6 {[%emt 0:00:33]} Rc8 {[%emt 0:00:36]} 29. Rc1 {[%emt 0:00:26]} Rxc1 {[%emt 0:01:08]} 30. Qd8+ {[%emt 0:00:25]} 1-0

[Event "EIRCC 2019"]
[Site "Tallinn"]
[Date "2019.12.05"]
[Round "4.20"]
[White "Chukavin, Kirill"]
[Black "Postny, Evgeny"]
[Result "1/2-1/2"]
[WhiteElo "2290"]
[BlackElo "2598"]
[Annotator "ChessBase"]
[PlyCount "106"]
[EventDate "2019.12.05"]
[EventType "swiss"]
[EventCountry "EST"]
[SourceTitle "playchess.com"]
[Source "ChessBase"]
[SourceQuality "1"]
[TimeControl "900+10"]

1. e4 {[%emt 0:00:00]} e5 {[%emt 0:00:00]} 2. Nf3 {[%emt 0:00:00]} Nc6 {[%emt 0:00:00]} 3. Nc3 {[%emt 0:00:00]} Nf6 {[%emt 0:00:00]} 4. Be2 {[%emt 0:00:00]} Bd6 {[%emt 0:00:15]} 5. d4 {[%emt 0:00:39]} exd4 {[%emt 0:00:19]} 6. Nxd4 {[%emt 0:00:06]} Nxd4 {[%emt 0:00:58]} 7. Qxd4 {[%emt 0:00:03]} Qe7 {[%emt 0:00:10]} 8. Bg5 {[%emt 0:02:42]} Be5 {[%emt 0:00:05]} 9. Qc4 {[%emt 0:00:21]} Qe6 {[%emt 0:01:09]} 10. O-O-O {[%emt 0:02:45]} Qxc4 {[%emt 0:00:36]} 11. Bxc4 {[%emt 0:00:02]} h6 {[%emt 0:00:58]} 12. Bxf6 {[%emt 0:00:38]} Bxf6 {[%emt 0:00:09]} 13. e5 {[%emt 0:00:52]} Bg5+ {[%emt 0:00:04]} 14. Kb1 {[%emt 0:00:01]} a6 {[%emt 0:02:46]} 15. f4 {[%emt 0:00:37]} Bd8 {[%emt 0:00:25]} 16. Rhe1 {[%emt 0:00:41]} b5 {[%emt 0:00:11]} 17. Bd5 {[%emt 0:00:17]} Rb8 {[%emt 0:00:03]} 18. Ne4 {[%emt 0:00:50]} Rb6 {[%emt 0:01:28]} 19. Rd3 {[%emt 0:01:06]} O-O {[%emt 0:00:24]} 20. Bb3 {[%emt 0:01:49]} Re8 {[%emt 0:00:30]} 21. Red1 {[%emt 0:00:53]} a5 {[%emt 0:02:43]} 22. a4 {[%emt 0:01:42]} Be7 {[%emt 0:01:05]} 23. axb5 {[%emt 0:00:31]} Rxb5 {[%emt 0:00:02]} 24. Nc3 {[%emt 0:00:50]} Rc5 {[%emt 0:00:29]} 25. Rd5 {[%emt 0:00:20]} Rxd5 {[%emt 0:00:45]} 26. Rxd5 {[%emt 0:00:14]} Bb4 {[%emt 0:00:02]} 27. Nb5 {[%emt 0:00:40]} c6 {[%emt 0:01:05]} 28. Nd6 {[%emt 0:00:01]} cxd5 {[%emt 0:00:10]} 29. Nxe8 {[%emt 0:00:02]} Bb7 {[%emt 0:00:23]} 30. Nc7 {[%emt 0:00:33]} d4 {[%emt 0:00:04]} 31. Bd5 {[%emt 0:00:03]} Bc6 {[%emt 0:01:00]} 32. Bxc6 {[%emt 0:00:33]} dxc6 {[%emt 0:00:02]} 33. Ka2 {[%emt 0:00:07]} Bd2 {[%emt 0:00:26]} 34. g3 {[%emt 0:00:07]} Be3 {[%emt 0:00:02]} 35. e6 {[%emt 0:00:29]} Kf8 {[%emt 0:00:35]} 36. exf7 {[%emt 0:00:02]} Kxf7 {[%emt 0:00:02]} 37. Kb3 {[%emt 0:00:21]} Bg1 {[%emt 0:00:03]} 38. h3 {[%emt 0:00:02]} Bh2 {[%emt 0:00:02]} 39. f5 {[%emt 0:00:17]} Bxg3 {[%emt 0:00:05]} 40. Ne6 {[%emt 0:00:01]} Be5 {[%emt 0:00:16]} 41. Kc4 {[%emt 0:00:15]} Kf6 {[%emt 0:00:07]} 42. Nd8 {[%emt 0:00:11]} Kxf5 {[%emt 0:00:11]} 43. Nxc6 {[%emt 0:00:01]} Ke4 {[%emt 0:01:40]} 44. Nxa5 {[%emt 0:00:02]} g5 {[%emt 0:00:10]} 45. Nc6 {[%emt 0:00:14]} h5 {[%emt 0:00:09]} 46. Nxe5 {[%emt 0:00:26]} Kxe5 {[%emt 0:00:01]} 47. Kd3 {[%emt 0:00:12]} Kf4 {[%emt 0:00:15]} 48. b4 {[%emt 0:00:10]} g4 {[%emt 0:00:03]} 49. hxg4 {[%emt 0:00:07]} hxg4 {[%emt 0:00:06]} 50. b5 {[%emt 0:00:09]} Ke5 {[%emt 0:00:03]} 51. b6 {[%emt 0:00:04]} Kd6 {[%emt 0:00:02]} 52. Kxd4 {[%emt 0:00:12]} Kc6 {[%emt 0:00:01]} 53. Ke4 {[%emt 0:00:07]} Kxb6 {[%emt 0:00:01]} 1/2-1/2

[Event "EIRCC 2019"]
[Site "Tallinn"]
[Date "2019.12.05"]
[Round "4.21"]
[White "Aleksandrov, Aleksej"]
[Black "Troyke, Christian"]
[Result "1-0"]
[WhiteElo "2576"]
[BlackElo "2322"]
[Annotator "ChessBase"]
[PlyCount "85"]
[EventDate "2019.12.05"]
[EventType "swiss"]
[EventCountry "EST"]
[SourceTitle "playchess.com"]
[Source "ChessBase"]
[SourceQuality "1"]
[TimeControl "900+10"]

1. d4 {[%emt 0:00:00]} g6 {[%emt 0:00:00]} 2. e4 {[%emt 0:00:00]} Bg7 {[%emt 0:00:00]} 3. Nc3 {[%emt 0:00:00]} c5 {[%emt 0:00:00]} 4. d5 {[%emt 0:00:00]} d6 {[%emt 0:00:01]} 5. Nf3 {[%emt 0:00:07]} Nf6 {[%emt 0:00:03]} 6. Be2 {[%emt 0:00:19]} O-O {[%emt 0:00:03]} 7. O-O {[%emt 0:00:02]} Na6 {[%emt 0:00:26]} 8. Bf4 {[%emt 0:00:55]} Nc7 {[%emt 0:00:20]} 9. a4 {[%emt 0:00:06]} Re8 {[%emt 0:01:12]} 10. h3 {[%emt 0:00:25]} b6 {[%emt 0:00:01]} 11. Re1 {[%emt 0:00:35]} Bb7 {[%emt 0:00:02]} 12. Bc4 {[%emt 0:00:12]} a6 {[%emt 0:00:26]} 13. Qd3 {[%emt 0:03:04]} e6 {[%emt 0:03:34]} 14. dxe6 {[%emt 0:00:14]} Nxe6 {[%emt 0:00:02]} 15. Bxd6 {[%emt 0:02:44]} Nd4 {[%emt 0:00:06]} 16. Bxf7+ {[%emt 0:01:11]} Kxf7 {[%emt 0:01:30]} 17. Qc4+ {[%emt 0:03:44]} Nd5 {[%emt 0:01:15]} 18. Bg3 {[%emt 0:00:21]} Nxf3+ {[%emt 0:00:44]} 19. gxf3 {[%emt 0:00:02]} Bxc3 {[%emt 0:00:03]} 20. bxc3 {[%emt 0:00:08]} Kg7 {[%emt 0:01:27]} 21. Red1 {[%emt 0:02:00]} Qf6 {[%emt 0:01:29]} 22. exd5 {[%emt 0:00:03]} Qxf3 {[%emt 0:00:05]} 23. Qg4 {[%emt 0:02:07]} Bxd5 {[%emt 0:01:51]} 24. Qxf3 {[%emt 0:00:19]} Bxf3 {[%emt 0:00:02]} 25. Rd3 {[%emt 0:00:04]} Be4 {[%emt 0:00:23]} 26. Rd7+ {[%emt 0:00:01]} Kg8 {[%emt 0:00:51]} 27. Bh4 {[%emt 0:00:03]} Re6 {[%emt 0:00:27]} 28. Bd8 {[%emt 0:00:16]} Bxc2 {[%emt 0:00:44]} 29. f3 {[%emt 0:00:08]} Bf5 {[%emt 0:00:06]} 30. Rad1 {[%emt 0:00:04]} Bxh3 {[%emt 0:00:18]} 31. Rb7 {[%emt 0:00:08]} b5 {[%emt 0:00:27]} 32. Kf2 {[%emt 0:00:07]} bxa4 {[%emt 0:00:13]} 33. Rdd7 {[%emt 0:00:02]} Bf5 {[%emt 0:00:55]} 34. Rg7+ {[%emt 0:00:14]} Kf8 {[%emt 0:00:24]} 35. Rxh7 {[%emt 0:00:09]} Kg8 {[%emt 0:00:05]} 36. Rhg7+ {[%emt 0:00:13]} Kf8 {[%emt 0:00:01]} 37. Bg5 {[%emt 0:00:17]} Rb6 {[%emt 0:00:26]} 38. Rbf7+ {[%emt 0:00:10]} Ke8 {[%emt 0:00:01]} 39. Re7+ {[%emt 0:00:01]} Kf8 {[%emt 0:00:09]} 40. Rh7 {[%emt 0:00:05]} Kg8 {[%emt 0:00:13]} 41. Reg7+ {[%emt 0:00:01]} Kf8 {[%emt 0:00:01]} 42. Be7+ {[%emt 0:00:04]} Ke8 {[%emt 0:00:04]} 43. Bxc5 {[%emt 0:00:13]} 1-0

[Event "EIRCC 2019"]
[Site "Tallinn"]
[Date "2019.12.05"]
[Round "4.22"]
[White "Stupak, Kirill"]
[Black "Heinzel, Olaf"]
[Result "1-0"]
[WhiteElo "2552"]
[BlackElo "2269"]
[Annotator "ChessBase"]
[PlyCount "79"]
[EventDate "2019.12.05"]
[EventType "swiss"]
[EventCountry "EST"]
[SourceTitle "playchess.com"]
[Source "ChessBase"]
[SourceQuality "1"]
[TimeControl "900+10"]

1. d4 {[%emt 0:00:00]} Nf6 {[%emt 0:00:00]} 2. g3 {[%emt 0:00:00]} d5 {[%emt 0:00:01]} 3. Nf3 {[%emt 0:00:00]} c6 {[%emt 0:00:04]} 4. Bg2 {[%emt 0:00:00]} Bf5 {[%emt 0:00:01]} 5. O-O {[%emt 0:00:00]} e6 {[%emt 0:00:03]} 6. c4 {[%emt 0:00:00]} h6 {[%emt 0:00:03]} 7. Nc3 {[%emt 0:00:00]} Nbd7 {[%emt 0:00:12]} 8. Qb3 {[%emt 0:00:01]} Qb6 {[%emt 0:00:03]} 9. c5 {[%emt 0:00:01]} Qc7 {[%emt 0:00:01]} 10. Bf4 {[%emt 0:00:01]} Qc8 {[%emt 0:00:01]} 11. Nd2 {[%emt 0:00:01]} Be7 {[%emt 0:00:04]} 12. e4 {[%emt 0:00:01]} dxe4 {[%emt 0:00:07]} 13. Nc4 {[%emt 0:00:01]} O-O {[%emt 0:00:13]} 14. Bd6 {[%emt 0:00:02]} Bxd6 {[%emt 0:00:24]} 15. Nxd6 {[%emt 0:00:01]} Qc7 {[%emt 0:00:03]} 16. Qxb7 {[%emt 0:00:02]} Qxb7 {[%emt 0:00:09]} 17. Nxb7 {[%emt 0:00:02]} Rab8 {[%emt 0:00:53]} 18. Na5 {[%emt 0:00:01]} Rfc8 {[%emt 0:00:02]} 19. Nc4 {[%emt 0:00:10]} Bg6 {[%emt 0:02:20]} 20. Rfe1 {[%emt 0:00:33]} e5 {[%emt 0:01:18]} 21. dxe5 {[%emt 0:00:33]} Nd5 {[%emt 0:00:02]} 22. Nxe4 {[%emt 0:01:33]} Bxe4 {[%emt 0:00:02]} 23. Bxe4 {[%emt 0:00:08]} Nxc5 {[%emt 0:00:03]} 24. Rac1 {[%emt 0:00:55]} Rd8 {[%emt 0:01:06]} 25. Bb1 {[%emt 0:01:36]} Ne6 {[%emt 0:01:16]} 26. b3 {[%emt 0:00:41]} Nd4 {[%emt 0:00:22]} 27. Kg2 {[%emt 0:00:02]} g6 {[%emt 0:00:46]} 28. Nd6 {[%emt 0:01:05]} Rb6 {[%emt 0:00:24]} 29. Re4 {[%emt 0:00:39]} Ne6 {[%emt 0:00:20]} 30. Ra4 {[%emt 0:00:10]} Ra8 {[%emt 0:02:03]} 31. Be4 {[%emt 0:00:46]} Ne7 {[%emt 0:00:01]} 32. Ra5 {[%emt 0:01:04]} Kg7 {[%emt 0:00:51]} 33. Rd1 {[%emt 0:00:52]} Kf8 {[%emt 0:00:26]} 34. h4 {[%emt 0:00:35]} Kg7 {[%emt 0:00:05]} 35. Rc1 {[%emt 0:01:47]} Kf8 {[%emt 0:00:10]} 36. Rc4 {[%emt 0:00:02]} Nc7 {[%emt 0:02:00]} 37. b4 {[%emt 0:00:40]} a6 {[%emt 0:00:57]} 38. a3 {[%emt 0:00:17]} Rd8 {[%emt 0:00:16]} 39. Rc1 {[%emt 0:00:21]} Nb5 {[%emt 0:00:19]} 40. Nc4 {[%emt 0:00:22]} 1-0

[Event "EIRCC 2019"]
[Site "Tallinn"]
[Date "2019.12.05"]
[Round "4.23"]
[White "Kukk, Sander"]
[Black "Ruck, Robert"]
[Result "0-1"]
[WhiteElo "2313"]
[BlackElo "2551"]
[Annotator "ChessBase"]
[PlyCount "102"]
[EventDate "2019.12.05"]
[EventType "swiss"]
[EventCountry "EST"]
[SourceTitle "playchess.com"]
[Source "ChessBase"]
[SourceQuality "1"]
[TimeControl "900+10"]

1. b3 {[%emt 0:00:00]} Nf6 {[%emt 0:00:00]} 2. Bb2 {[%emt 0:00:00]} g6 {[%emt 0:00:01]} 3. e3 {[%emt 0:00:00]} Bg7 {[%emt 0:00:03]} 4. Nf3 {[%emt 0:00:00]} O-O {[%emt 0:00:03]} 5. d4 {[%emt 0:00:00]} c5 {[%emt 0:00:05]} 6. Nbd2 {[%emt 0:00:01]} cxd4 {[%emt 0:00:08]} 7. Nxd4 {[%emt 0:00:08]} d5 {[%emt 0:00:06]} 8. Be2 {[%emt 0:00:11]} Re8 {[%emt 0:00:07]} 9. O-O {[%emt 0:00:06]} e5 {[%emt 0:00:06]} 10. N4f3 {[%emt 0:00:02]} Nc6 {[%emt 0:00:02]} 11. Re1 {[%emt 0:01:07]} Bf5 {[%emt 0:00:39]} 12. Bb5 {[%emt 0:00:44]} Qc7 {[%emt 0:01:11]} 13. c4 {[%emt 0:00:35]} Rad8 {[%emt 0:03:43]} 14. Rc1 {[%emt 0:02:21]} d4 {[%emt 0:00:14]} 15. exd4 {[%emt 0:01:34]} exd4 {[%emt 0:00:04]} 16. Bxc6 {[%emt 0:00:41]} bxc6 {[%emt 0:00:25]} 17. Nxd4 {[%emt 0:00:20]} Rxe1+ {[%emt 0:00:52]} 18. Qxe1 {[%emt 0:00:02]} Ng4 {[%emt 0:01:00]} 19. N2f3 {[%emt 0:00:45]} Bxd4 {[%emt 0:00:22]} 20. Bxd4 {[%emt 0:00:02]} Rxd4 {[%emt 0:00:06]} 21. h3 {[%emt 0:00:38]} Re4 {[%emt 0:00:07]} 22. Qd2 {[%emt 0:01:23]} Nf6 {[%emt 0:00:46]} 23. Ng5 {[%emt 0:00:25]} Re8 {[%emt 0:00:09]} 24. Qd4 {[%emt 0:00:02]} Ne4 {[%emt 0:00:44]} 25. Nf3 {[%emt 0:00:09]} c5 {[%emt 0:00:50]} 26. Qe3 {[%emt 0:00:14]} Nf6 {[%emt 0:00:35]} 27. Qg5 {[%emt 0:00:19]} Qd6 {[%emt 0:00:08]} 28. a3 {[%emt 0:00:26]} Be4 {[%emt 0:00:19]} 29. Nh2 {[%emt 0:00:30]} Bc6 {[%emt 0:00:17]} 30. b4 {[%emt 0:00:08]} Ne4 {[%emt 0:00:33]} 31. Qe3 {[%emt 0:00:22]} Qd2 {[%emt 0:00:54]} 32. Ng4 {[%emt 0:00:08]} Qxe3 {[%emt 0:00:10]} 33. Nxe3 {[%emt 0:00:01]} a6 {[%emt 0:00:18]} 34. f3 {[%emt 0:00:31]} Nf6 {[%emt 0:00:23]} 35. Kf2 {[%emt 0:00:01]} Rb8 {[%emt 0:00:07]} 36. Rb1 {[%emt 0:00:06]} Kf8 {[%emt 0:00:02]} 37. Nd1 {[%emt 0:00:08]} Nd7 {[%emt 0:00:08]} 38. Nc3 {[%emt 0:00:04]} Rc8 {[%emt 0:01:43]} 39. b5 {[%emt 0:00:23]} Bb7 {[%emt 0:00:02]} 40. f4 {[%emt 0:00:08]} a5 {[%emt 0:00:28]} 41. Rd1 {[%emt 0:00:31]} Nb6 {[%emt 0:00:04]} 42. Rd6 {[%emt 0:00:34]} Nxc4 {[%emt 0:00:04]} 43. Rd7 {[%emt 0:00:01]} Ba8 {[%emt 0:00:10]} 44. Ra7 {[%emt 0:00:05]} Nxa3 {[%emt 0:00:17]} 45. Rxa5 {[%emt 0:00:04]} Nc4 {[%emt 0:00:07]} 46. Ra4 {[%emt 0:00:10]} Nd6 {[%emt 0:00:07]} 47. g4 {[%emt 0:00:11]} Bb7 {[%emt 0:00:13]} 48. Ra7 {[%emt 0:00:42]} Rb8 {[%emt 0:00:30]} 49. Ke3 {[%emt 0:00:12]} Bg2 {[%emt 0:00:05]} 50. Ra2 {[%emt 0:00:28]} Bxh3 {[%emt 0:00:11]} 51. Rd2 {[%emt 0:00:13]} Nc4+ {[%emt 0:00:02] Kd4} 0-1

[Event "EIRCC 2019"]
[Site "Tallinn"]
[Date "2019.12.05"]
[Round "4.24"]
[White "Hjartarson, Johann"]
[Black "Khakimov, Timur"]
[Result "1-0"]
[WhiteElo "2534"]
[BlackElo "2253"]
[Annotator "ChessBase"]
[PlyCount "119"]
[EventDate "2019.12.05"]
[EventType "swiss"]
[EventCountry "EST"]
[SourceTitle "playchess.com"]
[Source "ChessBase"]
[SourceQuality "1"]
[TimeControl "900+10"]

1. d4 {[%emt 0:00:00]} Nf6 {[%emt 0:00:00]} 2. c4 {[%emt 0:00:00]} Nc6 {[%emt 0:00:00]} 3. Nf3 {[%emt 0:00:08]} e6 {[%emt 0:00:00]} 4. Nc3 {[%emt 0:00:07]} Bb4 {[%emt 0:00:00]} 5. e3 {[%emt 0:00:10]} d5 {[%emt 0:00:13]} 6. Bd2 {[%emt 0:00:15]} O-O {[%emt 0:00:09]} 7. Qc2 {[%emt 0:00:05]} dxc4 {[%emt 0:00:59]} 8. Bxc4 {[%emt 0:00:06]} Qe7 {[%emt 0:00:19]} 9. O-O {[%emt 0:01:12]} e5 {[%emt 0:00:25]} 10. d5 {[%emt 0:00:16]} e4 {[%emt 0:05:36]} 11. Ng5 {[%emt 0:00:42]} Bxc3 {[%emt 0:00:31]} 12. Bxc3 {[%emt 0:01:11]} Nxd5 {[%emt 0:02:09]} 13. Bxd5 {[%emt 0:00:25]} Qxg5 {[%emt 0:00:03]} 14. Bxe4 {[%emt 0:00:04]} Qh6 {[%emt 0:00:48]} 15. b4 {[%emt 0:00:19]} Bg4 {[%emt 0:00:15]} 16. b5 {[%emt 0:00:14]} Nd8 {[%emt 0:00:07]} 17. h3 {[%emt 0:01:13]} Bh5 {[%emt 0:00:06]} 18. Be5 {[%emt 0:01:00]} c6 {[%emt 0:02:21]} 19. bxc6 {[%emt 0:02:53]} Nxc6 {[%emt 0:00:11]} 20. Bf4 {[%emt 0:00:04]} g5 {[%emt 0:00:12]} 21. Bg3 {[%emt 0:00:06]} Bg6 {[%emt 0:00:09]} 22. Rab1 {[%emt 0:00:17]} Bxe4 {[%emt 0:00:21]} 23. Qxe4 {[%emt 0:00:02]} Rae8 {[%emt 0:00:37]} 24. Qg4 {[%emt 0:00:45]} Re7 {[%emt 0:00:39]} 25. h4 {[%emt 0:00:08]} Rd8 {[%emt 0:01:02]} 26. hxg5 {[%emt 0:00:22]} Qe6 {[%emt 0:00:21]} 27. Qxe6 {[%emt 0:00:13]} fxe6 {[%emt 0:00:02]} 28. Rb2 {[%emt 0:00:36]} Rd3 {[%emt 0:00:23]} 29. Rfb1 {[%emt 0:00:14]} b6 {[%emt 0:00:10]} 30. Rc1 {[%emt 0:00:14]} Na5 {[%emt 0:00:05]} 31. Be5 {[%emt 0:00:26]} Red7 {[%emt 0:00:07]} 32. Bd4 {[%emt 0:01:10]} e5 {[%emt 0:00:17]} 33. Rc8+ {[%emt 0:00:26]} Kf7 {[%emt 0:00:02]} 34. Bxe5 {[%emt 0:00:02]} Kg6 {[%emt 0:00:07]} 35. Bd4 {[%emt 0:00:49]} Kxg5 {[%emt 0:00:04]} 36. Rb5+ {[%emt 0:00:06]} Kg6 {[%emt 0:00:05]} 37. g4 {[%emt 0:00:47]} R3xd4 {[%emt 0:00:12]} 38. exd4 {[%emt 0:00:03]} Rxd4 {[%emt 0:00:02]} 39. Rg8+ {[%emt 0:00:19]} Kf7 {[%emt 0:00:08]} 40. Rgg5 {[%emt 0:00:04]} Nc6 {[%emt 0:00:13]} 41. Rbf5+ {[%emt 0:00:25]} Ke6 {[%emt 0:00:07]} 42. Rg7 {[%emt 0:00:06]} Rxg4+ {[%emt 0:00:22]} 43. Rxg4 {[%emt 0:00:03]} Kxf5 {[%emt 0:00:02]} 44. Rg7 {[%emt 0:00:03]} Ke6 {[%emt 0:01:08]} 45. Rxh7 {[%emt 0:00:08]} b5 {[%emt 0:00:03]} 46. Rb7 {[%emt 0:00:28]} b4 {[%emt 0:00:02]} 47. Kf1 {[%emt 0:00:26]} a5 {[%emt 0:00:02]} 48. Ke2 {[%emt 0:00:23]} Kd5 {[%emt 0:00:19]} 49. Kd3 {[%emt 0:00:07]} Ne5+ {[%emt 0:00:03]} 50. Kc2 {[%emt 0:00:03]} Kc4 {[%emt 0:00:34]} 51. f4 {[%emt 0:00:29]} Nf3 {[%emt 0:00:05]} 52. Rc7+ {[%emt 0:00:12]} Kd5 {[%emt 0:00:44]} 53. Kb3 {[%emt 0:00:11]} Ke4 {[%emt 0:00:06]} 54. Rf7 {[%emt 0:00:15]} Nd2+ {[%emt 0:00:13]} 55. Ka4 {[%emt 0:00:03]} Nb1 {[%emt 0:00:07]} 56. Kxa5 {[%emt 0:00:19]} Nc3 {[%emt 0:00:05]} 57. Kxb4 {[%emt 0:00:09]} Nxa2+ {[%emt 0:00:02]} 58. Kc4 {[%emt 0:00:02]} Nc1 {[%emt 0:00:07]} 59. Re7+ {[%emt 0:00:06]} Kxf4 {[%emt 0:00:02]} 60. Re1 {[%emt 0:00:02] Ke5 Kd5+ Kxd5} 1-0